[Event "NOR-ch"]
[Site "Bergen"]
[Date "2025.07.08"]
[Round "5"]
[White "Melaa, Sondre Lillestol"]
[Black "Mitusov, Semen"]
[Result "0-1"]
[WhiteElo "2328"]
[BlackElo "2478"]
[PlyCount "164"]
[EventDate "2025.07.04"]
[EventType "swiss"]
[EventRounds "9"]
[EventCountry "NOR"]
[SourceTitle "CB29_2025"]
[SourceDate "2025.07.16"]
[SourceVersion "1"]
[SourceVersionDate "2025.07.16"]
[SourceQuality "1"]

1. e4 e5 2. Nf3 Nc6 3. Bb5 a6 4. Ba4 Nf6 5. 0-0 Be7 6. Re1 b5 7. Bb3 d6 8. c3 0-0 9. h3 Na5 10. Bc2 c5 11. d4 Qc7 12. Nbd2 cxd4 13. cxd4 Re8 14. d5 Bd7 15. Nf1 Rec8 16. Bd3 Nb7 17. Ng3 Nc5 18. Bf1 h6 19. Nh2 Bf8 20. Qf3 Qd8 21. Nf5 Nh7 22. g4 Ng5 23. Qg2 g6 24. Ng3 Nh7 25. Be3 Rc7 26. f3 Rac8 27. Qd2 Be7 28. Rac1 Bh4 29. Kg2 Bg5 30. Bxg5 Qxg5 31. Qxg5 hxg5 32. Red1 Kg7 33. Rd2 Na4 34. Rxc7 Rxc7 35. b3 Nc3 36. Bd3 a5 37. Rc2 Rc8 38. Kf1 Nf6 39. Ke1 b4 40. Bf1 Rc5 41. Kd2 Ne8 42. Bd3 Nb1+ 43. Kd1 Na3 44. Rc1 Bb5 45. Bxb5 Nxb5 46. Ne2 f5 47. Rxc5 dxc5 48. Kd2 Nf6 49. Kd3 Nd6 50. Ng3 f4 51. Ne2 Nd7 52. Nf1 c4+ 53. bxc4 Nc5+ 54. Kc2 Nxc4 55. Nd2 Ne3+ 56. Kb2 a4 57. a3 Nd3+ 58. Kb1 b3 59. Nc3 Nc5 60. Kb2 Kf6 61. Nb5 Nd1+ 62. Kc1 Nf2 63. Kb2 Ncd3+ 64. Kc3 Ne1 65. Kb4 b2 66. Nc3 Nxh3 67. Kc5 Ke7 68. Kc6 Kd8 69. d6 Ng1 70. d7 Ngxf3 71. Nxa4 Nd4+ 72. Kd6 Nb3 73. Nxb3 b1Q 74. Nac5 Qd1+ 75. Kc6 Ke7 76. Na5 f3 77. Kb7 f2 78. Nc6+ Kf6 79. Nb4 f1Q 80. Nd5+ Qxd5+ 81. exd5 Qb5+ 82. Ka8 Ke7 0-1

[Event "NOR-ch"]
[Site "Bergen"]
[Date "2025.07.06"]
[Round "3"]
[White "Mitusov, Semen"]
[Black "Urkedal, Frode Olav Olsen"]
[Result "1/2-1/2"]
[WhiteElo "2478"]
[BlackElo "2566"]
[PlyCount "136"]
[EventDate "2025.07.04"]
[EventType "swiss"]
[EventRounds "9"]
[EventCountry "NOR"]
[SourceTitle "CB29_2025"]
[SourceDate "2025.07.16"]
[SourceVersion "1"]
[SourceVersionDate "2025.07.16"]
[SourceQuality "1"]

1. e4 e5 2. Nf3 Nc6 3. Bc4 Bc5 4. c3 Nf6 5. d3 d6 6. 0-0 a5 7. Nbd2 0-0 8. Bb3 Ba7 9. Re1 Be6 10. a4 Ng4 11. Re2 Ne7 12. h3 Nf6 13. Nf1 Ng6 14. Bxe6 fxe6 15. Be3 Nh5 16. N1h2 Nhf4 17. Rd2 Qe7 18. Kh1 Bxe3 19. fxe3 Nh5 20. Kg1 Nf6 21. Qb3 c6 22. Re1 Kh8 23. Nf1 d5 24. Ng3 Rad8 25. Red1 h6 26. Kh2 Nh7 27. Rf2 Ng5 28. Rdf1 Nxf3+ 29. Rxf3 Rf7 30. Rf4 Rxf4 31. Rf2 Rf3 32. Rxf3 Nh4 33. Rf2 dxe4 34. dxe4 Ng6 35. Qb6 Ra8 36. Rd2 Nf8 37. Qb3 Nh7 38. Qd1 Nf6 39. Nh5 Rf8 40. Nxf6 Qxf6 41. Rd7 b5 42. axb5 cxb5 43. Rb7 b4 44. cxb4 axb4 45. Qg4 Rc8 46. Rxb4 Rc1 47. Rb7 Kh7 48. b4 Rc3 49. Rb6 Rxe3 50. Rxe6 Qf4+ 51. Qxf4 exf4 52. b5 Rb3 53. b6 g5 54. e5 h5 55. Rf6 Kg7 56. Rf5 Kg6 57. Rf6+ Kg7 58. h4 gxh4 59. Rxf4 Rxb6 60. Kh3 Rb2 61. Rxh4 Rb3+ 62. g3 Re3 63. Rxh5 Kg6 64. Kg4 Rxg3+ 65. Kxg3 Kxh5 66. e6 Kg6 67. e7 Kf7 68. e8R Kxe8 1/2-1/2

[Event "Cesme op-A 11th"]
[Site "Izmir"]
[Date "2025.06.28"]
[Round "8"]
[White "Dogan, Nazmi Can"]
[Black "Mitusov, Semen"]
[Result "0-1"]
[WhiteElo "2199"]
[BlackElo "2468"]
[PlyCount "56"]
[EventDate "2025.06.23"]
[EventType "swiss"]
[EventRounds "9"]
[EventCountry "TUR"]
[SourceTitle "CB27_2025"]
[SourceDate "2025.07.02"]
[SourceVersion "1"]
[SourceVersionDate "2025.07.02"]
[SourceQuality "1"]

1. d4 Nf6 2. Nf3 d5 3. Bf4 c5 4. e3 Nc6 5. Nbd2 e6 6. c3 Nh5 7. Bg5 f6 8. Bh4 g6 9. Bd3 cxd4 10. cxd4 Be7 11. Bb5 Bd7 12. 0-0 0-0 13. Bg3 Qb6 14. Ba4 Nxg3 15. hxg3 Rfd8 16. a3 Qxb2 17. Rb1 Qxa3 18. Rxb7 Qd6 19. e4 Rab8 20. e5 fxe5 21. Bxc6 Bxc6 22. Rxb8 Rxb8 23. Nxe5 a5 24. Qg4 Be8 25. Nd3 Bb5 26. Nf4 Bxf1 27. Nxf1 Rb1 28. Nxe6 Qa6 0-1

[Event "NOR-chT Club"]
[Site "Drammen"]
[Date "2025.05.29"]
[Round "1.4"]
[White "Mitusov, Semen"]
[Black "Edvardsen, Ragnar"]
[Result "1-0"]
[WhiteElo "2468"]
[BlackElo "1926"]
[PlyCount "73"]
[EventDate "2025.05.29"]
[EventType "team-swiss"]
[EventRounds "6"]
[EventCountry "NOR"]
[SourceTitle "CB23_2025"]
[SourceDate "2025.06.04"]
[SourceVersion "1"]
[SourceVersionDate "2025.06.04"]
[SourceQuality "1"]
[WhiteTeam "Oslo Schakselskap"]
[BlackTeam "Drammen"]
[WhiteTeamCountry "NOR"]
[BlackTeamCountry "NOR"]

1. e4 e5 2. Nf3 Nc6 3. Bb5 a6 4. Ba4 Nf6 5. Nc3 Bc5 6. d3 b5 7. Bb3 0-0 8. a3 Rb8 9. Nd5 Na5 10. Ba2 Nxd5 11. Bxd5 Bd6 12. h4 c6 13. Ba2 Bc7 14. b4 Nb7 15. Bg5 Qe8 16. Qd2 d6 17. h5 Be6 18. h6 g6 19. c4 f6 20. Be3 Nd8 21. Qc2 Qf7 22. 0-0 Rc8 23. Rfc1 Bb8 24. d4 bxc4 25. Bxc4 Bxc4 26. Qxc4 Qxc4 27. Rxc4 Ba7 28. Rac1 Rf7 29. Nd2 f5 30. d5 Bxe3 31. fxe3 Rfc7 32. Nb3 fxe4 33. Nd2 c5 34. Nxe4 Nb7 35. bxc5 Nxc5 36. Nxd6 Rd8 37. Ne4 1-0

[Event "Fagernes op"]
[Site "Fagernes"]
[Date "2025.04.20"]
[Round "9"]
[White "Mitusov, Semen"]
[Black "Rozentalis, Eduardas"]
[Result "1-0"]
[WhiteElo "2459"]
[BlackElo "2481"]
[PlyCount "43"]
[EventDate "2025.04.13"]
[EventType "swiss"]
[EventRounds "9"]
[EventCountry "NOR"]
[SourceTitle "CB17_2025"]
[SourceDate "2025.04.23"]
[SourceVersion "1"]
[SourceVersionDate "2025.04.23"]
[SourceQuality "1"]

1. e4 e5 2. Nf3 Nf6 3. d4 Nxe4 4. Bd3 d5 5. Nxe5 Nd7 6. Nc3 Nxe5 7. dxe5 Nxc3 8. bxc3 Be7 9. 0-0 0-0 10. f4 Bc5+ 11. Kh1 Qe7 12. Qh5 g6 13. Qf3 Bd7 14. Qg3 f6 15. e6 Bc6 16. f5 g5 17. h4 Bd6 18. Qg4 h6 19. hxg5 hxg5 20. Rf3 Be8 21. Rh3 Kg7 22. Bxg5 1-0

[Event "Fagernes op"]
[Site "Fagernes"]
[Date "2025.04.13"]
[Round "1"]
[White "Mitusov, Semen"]
[Black "Arvola, Daniel"]
[Result "1-0"]
[WhiteElo "2459"]
[BlackElo "2088"]
[PlyCount "77"]
[EventDate "2025.04.13"]
[EventType "swiss"]
[EventRounds "9"]
[EventCountry "NOR"]
[SourceTitle "CB17_2025"]
[SourceDate "2025.04.23"]
[SourceVersion "1"]
[SourceVersionDate "2025.04.23"]
[SourceQuality "1"]

1. e4 c5 2. Nf3 d6 3. d4 cxd4 4. Nxd4 Nf6 5. Nc3 a6 6. h3 e5 7. Nf3 Be6 8. Ng5 Be7 9. Nxe6 fxe6 10. Bc4 Qc8 11. Bb3 b5 12. a3 Nc6 13. 0-0 0-0 14. Ba2 Kh8 15. Re1 Qd7 16. Be3 Rac8 17. Qe2 Na5 18. Rad1 Nc4 19. Bxc4 Rxc4 20. Bg5 Qc6 21. Rd3 b4 22. axb4 Rxb4 23. b3 Rd4 24. Rf3 Rc8 25. Ra1 Nxe4 26. Bxe7 Nxc3 27. Qxa6 Qd7 28. Qa7 Qxa7 29. Rxa7 Ne2+ 30. Kh2 Nf4 31. g3 Ng6 32. Rf7 e4 33. Bg5 Ne5 34. Rxg7 Rd1 35. Rxh7+ Kg8 36. Rag7+ Kf8 37. Be7+ Ke8 38. Rh8+ Kd7 39. Bf6+ 1-0

[Event "NOR-chT Elite 2425"]
[Site "Norway"]
[Date "2025.03.09"]
[Round "9.43"]
[White "Kulaots, Kaido"]
[Black "Mitusov, Semen"]
[Result "1-0"]
[WhiteElo "2512"]
[BlackElo "2469"]
[PlyCount "77"]
[EventDate "2024.10.25"]
[EventType "team-tourn"]
[EventRounds "9"]
[EventCountry "NOR"]
[SourceTitle "CB16_2025"]
[SourceDate "2025.04.16"]
[SourceVersion "1"]
[SourceVersionDate "2025.04.16"]
[SourceQuality "1"]
[WhiteTeam "Valerenga"]
[BlackTeam "OSS"]
[WhiteTeamCountry "NOR"]
[BlackTeamCountry "NOR"]

1. e4 c5 2. Nf3 d6 3. d4 cxd4 4. Nxd4 Nf6 5. Nc3 a6 6. h3 e5 7. Nf3 Be7 8. g4 0-0 9. Be3 Nbd7 10. g5 Ne8 11. h4 Nb6 12. Qd2 Be6 13. 0-0-0 Qc7 14. h5 Nc4 15. Bxc4 Qxc4 16. Nh4 g6 17. f4 exf4 18. Bxf4 Ng7 19. Ng2 Qc5 20. Ne3 Bxg5 21. Ned5 f6 22. hxg6 Bxd5 23. Nxd5 hxg6 24. Rdg1 Rae8 25. Bxg5 fxg5 26. Qxg5 Re6 27. Ne7+ Kf7 28. Rf1+ Ke8 29. Rxf8+ Kxf8 30. Nxg6+ Ke8 31. Rh8+ Kd7 32. Nf8+ Kc6 33. Qxc5+ Kxc5 34. Nxe6+ Nxe6 35. Kd2 Kd4 36. Rh6 Ke5 37. Ke3 Nf4 38. Rxd6 Ng2+ 39. Kf2 1-0

[Event "Wch U20 62nd"]
[Site "Petrovac"]
[Date "2025.02.28"]
[Round "4"]
[White "Omonov, Asrorjon"]
[Black "Mitusov, Semen"]
[Result "1/2-1/2"]
[WhiteElo "2399"]
[BlackElo "2469"]
[PlyCount "140"]
[EventDate "2025.02.25"]
[EventType "swiss"]
[EventRounds "11"]
[EventCountry "MNE"]
[SourceTitle "CB11_2025"]
[SourceDate "2025.03.12"]
[SourceVersion "1"]
[SourceVersionDate "2025.03.12"]
[SourceQuality "1"]

1. d4 d5 2. c4 e6 3. Nc3 c5 4. cxd5 exd5 5. Nf3 Nc6 6. g3 c4 7. Bg2 Bb4 8. 0-0 Nge7 9. Ne1 0-0 10. Nc2 Ba5 11. Bf4 Be6 12. Na4 b6 13. Bd2 Rc8 14. Bxa5 Nxa5 15. Qd2 Nb7 16. Nc3 Qd7 17. e4 dxe4 18. Nxe4 Nd6 19. Nc3 Bh3 20. Bxh3 Qxh3 21. Rfe1 Rfe8 22. Qf4 Qd7 23. h4 Nb5 24. Ne4 Nd5 25. Qf3 h6 26. Rad1 Nbc7 27. Nc3 Rcd8 28. Ne3 Nxe3 29. fxe3 b5 30. a3 a5 31. Kg2 b4 32. axb4 axb4 33. Ne4 Ne6 34. d5 Nc7 35. Nf2 Nb5 36. e4 c3 37. bxc3 Nxc3 38. Rd4 Qa7 39. Rxb4 Nxd5 40. Rbb1 Nc7 41. Ra1 Qd4 42. Rad1 Qe5 43. Rxd8 Rxd8 44. Rd1 Rxd1 45. Qxd1 Qe7 46. Qa4 Ne8 47. Qa8 Kh7 48. Qd5 Nf6 49. Qf5+ g6 50. Qf4 h5 51. Qf3 Kg7 52. Qc3 Qe6 53. Qd4 Kh7 54. Qa4 Qe5 55. Qc2 Kg7 56. Qe2 Qd4 57. Qc2 Qa1 58. Qd2 Qe5 59. Kf3 Kh7 60. Qa2 Qc3+ 61. Kg2 Kg7 62. Qe2 Nd7 63. Qd3 Qxd3 64. Nxd3 Kf6 65. Kf3 Ne5+ 66. Nxe5 Kxe5 67. Ke3 f6 68. Kd3 f5 69. exf5 Kxf5 70. Ke3 Kg4 1/2-1/2

[Event "NOR-chT Elite 2425"]
[Site "Norway"]
[Date "2025.02.09"]
[Round "6.32"]
[White "Fiskaaen, Martin Holten"]
[Black "Mitusov, Semen"]
[Result "1-0"]
[WhiteElo "2297"]
[BlackElo "2469"]
[PlyCount "143"]
[EventDate "2024.10.25"]
[EventType "team-tourn"]
[EventRounds "9"]
[EventCountry "NOR"]
[SourceTitle "CB16_2025"]
[SourceDate "2025.04.16"]
[SourceVersion "1"]
[SourceVersionDate "2025.04.16"]
[SourceQuality "1"]
[WhiteTeam "Stavanger"]
[BlackTeam "OSS"]
[WhiteTeamCountry "NOR"]
[BlackTeamCountry "NOR"]

1. e4 c5 2. Nf3 d6 3. d4 cxd4 4. Nxd4 Nf6 5. Nc3 a6 6. Rg1 e5 7. Nb3 Be6 8. g4 Nfd7 9. Be3 Nb6 10. Nd5 N8d7 11. a4 Rc8 12. a5 Nc4 13. Bxc4 Rxc4 14. Qd3 Qc8 15. 0-0-0 Bxd5 16. exd5 Be7 17. Kb1 0-0 18. h4 Ra4 19. h5 Nf6 20. f3 Ne8 21. g5 Qh3 22. h6 g6 23. Rdf1 Qh4 24. Nd2 Qb4 25. Bb6 Qb5 26. c4 Qb4 27. Rc1 Rxa5 28. Bxa5 Qxa5 29. Ne4 Qd8 30. Rcf1 Qd7 31. f4 Qf5 32. fxe5 Qxe5 33. Re1 Qh8 34. Rgf1 Bd8 35. c5 Qe5 36. cxd6 Nxd6 37. Nf6+ Bxf6 38. Rxe5 Bxe5 39. Re1 Re8 40. Ka2 f6 41. gxf6 Kf7 42. Qb3 b5 43. Qa3 Kxf6 44. Qxa6 Re7 45. Qa8 Re8 46. Qa7 Re7 47. Qf2+ Nf5 48. Qb6+ Kg5 49. Qxb5 Kxh6 50. Kb1 Kg7 51. Qd3 Kf6 52. Rc1 h5 53. Rc6+ Bd6 54. Qc3+ Re5 55. b4 Ke7 56. Rxd6 Kxd6 57. Qc6+ Ke7 58. Qc7+ Kf6 59. d6 Nxd6 60. Qxd6+ Kf5 61. Kc2 h4 62. b5 h3 63. Qd3+ Kf6 64. Qf3+ Rf5 65. Qc6+ Kg7 66. b6 Rf2+ 67. Kc3 h2 68. b7 Rf8 69. Qc7+ Rf7 70. Qe5+ Rf6 71. Qxh2 Rc6+ 72. Kd3 1-0

[Event "Seville op 50th"]
[Site "Seville"]
[Date "2025.01.18"]
[Round "9"]
[White "Mitusov, Semen"]
[Black "Ilinca Ilinca, Felix Antonio"]
[Result "1-0"]
[WhiteElo "2463"]
[BlackElo "2440"]
[PlyCount "141"]
[EventDate "2025.01.10"]
[EventType "swiss"]
[EventRounds "9"]
[EventCountry "ESP"]
[SourceTitle "CB04_2025"]
[SourceDate "2025.01.22"]
[SourceVersion "1"]
[SourceVersionDate "2025.01.22"]
[SourceQuality "1"]

1. e4 c5 2. Nf3 d6 3. d4 cxd4 4. Nxd4 Nf6 5. Nc3 Nc6 6. Bg5 e6 7. Qd3 Bd7 8. Ndb5 Nb4 9. Qd1 Qb8 10. Bf4 e5 11. Bg5 a6 12. Bxf6 gxf6 13. Na3 b5 14. Nab1 Bg7 15. a3 Nc6 16. Nd5 f5 17. Bd3 fxe4 18. Bxe4 0-0 19. Nb4 Nxb4 20. axb4 Ra7 21. 0-0 f5 22. Bd5+ Kh8 23. c3 Qb6 24. Nd2 e4 25. Nb3 Bc8 26. Qd2 Re7 27. Rae1 Be5 28. Kh1 Rg7 29. f3 exf3 30. Rxf3 Qd8 31. Nd4 Bd7 32. Ne6 Bxe6 33. Bxe6 Qh4 34. Rh3 Qf6 35. Bd5 Rg4 36. Rf1 Rh4 37. Qd3 Rxh3 38. Qxh3 Qg5 39. Qd3 Rf6 40. Bb7 Qh4 41. h3 f4 42. Bf3 Rf8 43. Qe4 Qd8 44. Qb7 a5 45. Qxb5 axb4 46. Qxb4 Qb8 47. Qa3 Qb6 48. Rb1 Rb8 49. b4 Rc8 50. b5 Rxc3 51. Qa8+ Kg7 52. Bd5 Qe3 53. Qg8+ Kh6 54. Qf8+ Bg7 55. Qxd6+ Kg5 56. Bf3 Rc1+ 57. Rxc1 Qxc1+ 58. Kh2 Qe1 59. Qd5+ Kf6 60. Qd4+ Kg6 61. Be4+ Kf7 62. Qd7+ Kf6 63. Qd8+ Kf7 64. Qc7+ Kf6 65. Qxf4+ Ke7 66. Qc7+ Kf8 67. Qd6+ Ke8 68. Bc6+ Kf7 69. Bd5+ Ke8 70. Qb8+ Ke7 71. Qc7+ 1-0

[Event "Titled Tuesday intern op 07th Jan Early"]
[Site "Chess.com INT"]
[Date "2025.01.07"]
[Round "5"]
[White "Eilers, Stefan"]
[Black "Mitusov, Semen"]
[Result "1/2-1/2"]
[WhiteElo "2280"]
[BlackElo "2463"]
[PlyCount "81"]
[EventDate "2025.01.07"]
[EventType "swiss (blitz)"]
[EventRounds "11"]
[EventCountry "USA"]
[SourceTitle "CB03_2025"]
[SourceDate "2025.01.15"]
[SourceVersion "1"]
[SourceVersionDate "2025.01.15"]
[SourceQuality "1"]

1. Nf3 Nf6 2. e3 b6 3. b3 Bb7 4. Bb2 e6 5. c4 d5 6. Nc3 Bd6 7. cxd5 exd5 8. d4 a6 9. Bd3 0-0 10. 0-0 Nbd7 11. Rc1 Ne4 12. Bxe4 dxe4 13. Nd2 f5 14. g3 Nf6 15. Nc4 Ng4 16. h3 Nf6 17. Nxd6 Qxd6 18. Ne2 g5 19. Qc2 Nd5 20. Nc3 Rf7 21. Nxd5 Bxd5 22. Qe2 f4 23. Qg4 Rg7 24. Kg2 Rf8 25. Rc2 f3+ 26. Kh2 h5 27. Qxh5 Rf6 28. Rh1 Rh6 29. Qg4 Be6 30. Qxe4 Rxh3+ 31. Kg1 Rxh1+ 32. Kxh1 Rh7+ 33. Kg1 Bd5 34. Qe5 Rh1+ 35. Kxh1 Qh6+ 36. Kg1 c6 37. Qe8+ Kg7 38. Qe7+ Kg8 39. Qe8+ Kg7 40. Qe7+ Kg8 41. Qe8+ 1/2-1/2

[Event "Groningen op 60th"]
[Site "Groningen"]
[Date "2024.12.28"]
[Round "7"]
[White "Schoorl, Rob"]
[Black "Mitusov, Semen"]
[Result "0-1"]
[WhiteElo "2295"]
[BlackElo "2465"]
[PlyCount "94"]
[EventDate "2024.12.21"]
[EventType "swiss"]
[EventRounds "9"]
[EventCountry "NED"]
[SourceTitle "CB02_2025"]
[SourceDate "2025.01.08"]
[SourceVersion "1"]
[SourceVersionDate "2025.01.08"]
[SourceQuality "1"]

1. Nf3 Nf6 2. g3 b6 3. Bg2 Bb7 4. d3 c5 5. e4 d6 6. 0-0 e6 7. c4 Be7 8. Nc3 0-0 9. b3 a6 10. Bb2 Qc7 11. Re1 Nbd7 12. d4 cxd4 13. Nxd4 Rfe8 14. Qe2 Bf8 15. Rac1 Rac8 16. h3 h6 17. Kh2 Qb8 18. f4 Nc5 19. b4 Ncd7 20. a3 Qc7 21. Qf2 Qb8 22. Qe2 Qa8 23. Nf3 Rc7 24. Nd2 Rec8 25. e5 Bxg2 26. Qxg2 Qxg2+ 27. Kxg2 Ne8 28. Nce4 dxe5 29. fxe5 f6 30. exf6 gxf6 31. Re2 Kf7 32. g4 Be7 33. Rf1 Kg8 34. Ng3 Ng7 35. Nf5 Nxf5 36. gxf5 e5 37. Re4 Kf7 38. Rg4 a5 39. Bc3 axb4 40. axb4 Ra8 41. Kf2 Ra2 42. Ke2 Bf8 43. Kd3 Nb8 44. b5 Nd7 45. Ra1 Nc5+ 46. Ke2 Na4 47. Rc1 Rd7 0-1

[Event "Groningen op 60th"]
[Site "Groningen"]
[Date "2024.12.21"]
[Round "1"]
[White "Sharma, Dinesh Kumar"]
[Black "Mitusov, Semen"]
[Result "1/2-1/2"]
[WhiteElo "2200"]
[BlackElo "2465"]
[PlyCount "78"]
[EventDate "2024.12.21"]
[EventType "swiss"]
[EventRounds "9"]
[EventCountry "NED"]
[SourceTitle "CB02_2025"]
[SourceDate "2025.01.08"]
[SourceVersion "1"]
[SourceVersionDate "2025.01.08"]
[SourceQuality "1"]

1. e4 c5 2. Nf3 d6 3. d4 cxd4 4. Nxd4 Nf6 5. Nc3 a6 6. h3 e5 7. Nf3 Be7 8. g4 h6 9. Rg1 Qc7 10. g5 hxg5 11. Nxg5 Nbd7 12. Be3 Rf8 13. a4 b6 14. Bd3 Bb7 15. Qe2 Nc5 16. Bxc5 Qxc5 17. Bc4 g6 18. Bb3 Nh5 19. 0-0-0 Nf4 20. Qe3 Bxg5 21. Rxg5 0-0-0 22. Rg3 f6 23. Qf3 f5 24. Bd5 Bxd5 25. Nxd5 Nxd5 26. Rxd5 Qc4 27. Qd1 Qxa4 28. Kb1 Rf6 29. exf5 gxf5 30. Rc3+ Kb8 31. Rxe5 Rg8 32. Re1 Rfg6 33. Qd5 Qd7 34. Qd4 Ka7 35. Rce3 R8g7 36. b3 Rg1 37. Kb2 Rxe1 38. Rxe1 Rh7 39. Re3 Qg7 1/2-1/2

[Event "Benidorm Bali op-A 21st"]
[Site "Benidorm"]
[Date "2024.12.02"]
[Round "5"]
[White "Castellanos Rodriguez, Renier"]
[Black "Mitusov, Semen"]
[Result "1-0"]
[WhiteElo "2472"]
[BlackElo "2465"]
[PlyCount "83"]
[EventDate "2024.11.29"]
[EventType "swiss"]
[EventRounds "9"]
[EventCountry "ESP"]
[SourceTitle "CB50_2024"]
[SourceDate "2024.11.01"]
[SourceVersion "1"]
[SourceVersionDate "2024.11.01"]
[SourceQuality "2"]

1. e4 e5 2. Nf3 Nc6 3. Bc4 Bc5 4. d3 Nf6 5. Bg5 h6 6. Bh4 g5 7. Bg3 d6 8. c3 Qe7 9. b4 Bb6 10. Nbd2 a6 11. a4 Ba7 12. 0-0 0-0 13. Re1 Nh7 14. b5 Na5 15. Bd5 c6 16. bxc6 bxc6 17. Ba2 Kh8 18. d4 f6 19. Nf1 Bd7 20. Ne3 Rfd8 21. Rb1 Bb8 22. Nd2 Qe8 23. Nf5 Bxf5 24. exf5 Qf8 25. Ne4 Ba7 26. dxe5 dxe5 27. Qh5 Qg7 28. Red1 Nb7 29. Qe2 Rd7 30. Rxd7 Qxd7 31. Be6 Qe7 32. Qh5 Nc5 33. Nxc5 Bxc5 34. Qxh6 Rd8 35. h3 a5 36. Qh5 Kg7 37. Qg6+ Kh8 38. Kh2 Ba7 39. Rd1 Bc5 40. Rd7 Qxd7 41. Bxd7 Rxd7 42. Bxe5 1-0

[Event "Benidorm Bali op-A 21st"]
[Site "Benidorm"]
[Date "2024.12.02"]
[Round "6"]
[White "Mitusov, Semen"]
[Black "Campora, Daniel Hugo"]
[Result "1-0"]
[WhiteElo "2465"]
[BlackElo "2350"]
[PlyCount "65"]
[EventDate "2024.11.29"]
[EventType "swiss"]
[EventRounds "9"]
[EventCountry "ESP"]
[SourceTitle "CB50_2024"]
[SourceDate "2024.11.01"]
[SourceVersion "1"]
[SourceVersionDate "2024.11.01"]
[SourceQuality "2"]

1. e4 d6 2. d4 Nf6 3. Nc3 e5 4. Nf3 Nbd7 5. g4 h6 6. Rg1 c6 7. h4 g6 8. a4 exd4 9. Qxd4 Qb6 10. g5 Qxd4 11. Nxd4 Nh5 12. Be3 hxg5 13. hxg5 Ng7 14. 0-0-0 Nc5 15. f4 Bd7 16. Bc4 Rh3 17. Rge1 Be7 18. Kb1 Bg4 19. Rd2 Nce6 20. Rg2 Nxd4 21. Bxd4 Bf3 22. Rf2 Ne6 23. Be3 Bh5 24. Bc1 Bd8 25. Nd5 Kf8 26. Nf6 Bxf6 27. gxf6 Nc5 28. Rd2 Re8 29. Rxd6 Nxe4 30. Rd7 g5 31. fxg5 Nc3+ 32. bxc3 Rxe1 33. Rd8+ 1-0

[Event "NOR-chT Elite 2425"]
[Site "Norway"]
[Date "2024.10.26"]
[Round "2.32"]
[White "Ostenstad, Berge"]
[Black "Mitusov, Semen"]
[Result "1/2-1/2"]
[WhiteElo "2429"]
[BlackElo "2486"]
[PlyCount "76"]
[EventDate "2024.10.25"]
[EventType "team-tourn"]
[EventRounds "9"]
[EventCountry "NOR"]
[SourceTitle "CB44_2024"]
[Source "Chessbase"]
[SourceDate "2024.10.30"]
[SourceVersion "1"]
[SourceVersionDate "2024.10.30"]
[SourceQuality "1"]
[WhiteTeam "Asker"]
[BlackTeam "OSS"]
[WhiteTeamCountry "NOR"]
[BlackTeamCountry "NOR"]

1. c4 e6 2. Nc3 d5 3. d4 Nf6 4. cxd5 exd5 5. Bg5 c6 6. e3 Be7 7. Bd3 0-0 8. Nge2 a5 9. 0-0 h6 10. Bh4 Nh5 11. Bxe7 Qxe7 12. Qd2 Re8 13. Rfe1 Nd7 14. Rad1 Qg5 15. Kh1 Nf8 16. Ng1 Bf5 17. Nf3 Qf6 18. Bxf5 Qxf5 19. Ne5 Nf6 20. f3 Qg5 21. Qf2 Ng6 22. Nd3 Rad8 23. h3 Qh4 24. Qxh4 Nxh4 25. Kg1 Nf5 26. Kf2 Re7 27. g4 Nd6 28. b3 Rde8 29. Rc1 Nd7 30. Re2 g5 31. Na4 f6 32. Nac5 Nxc5 33. Rxc5 Ra8 34. a4 Kg7 35. Rc1 Rae8 36. Rc5 Ra8 37. Rc1 Rae8 38. Rc5 Ra8 1/2-1/2

[Event "Fagernes Autumn op"]
[Site "Fagernes"]
[Date "2024.10.08"]
[Round "3"]
[White "Ghasi, Ameet K"]
[Black "Mitusov, Semen"]
[Result "1/2-1/2"]
[WhiteElo "2503"]
[BlackElo "2486"]
[PlyCount "75"]
[EventDate "2024.10.06"]
[EventType "swiss"]
[EventRounds "9"]
[EventCountry "NOR"]
[SourceTitle "CB42_2024"]
[Source "ChessBase"]
[SourceDate "2024.10.16"]
[SourceVersion "1"]
[SourceVersionDate "2024.10.16"]
[SourceQuality "1"]

1. c4 f5 2. g3 Nf6 3. Bg2 g6 4. Nc3 Bg7 5. Rb1 0-0 6. b4 e5 7. d3 c6 8. b5 Kh8 9. e3 d5 10. bxc6 bxc6 11. cxd5 cxd5 12. Nge2 Nc6 13. 0-0 Be6 14. Ba3 Rf7 15. Qa4 Rc8 16. Nb5 Bf8 17. Bxf8 Qxf8 18. Qa6 Bd7 19. Rfc1 Kg7 20. a3 e4 21. d4 Nb8 22. Rxc8 Bxc8 23. Qa5 Nc6 24. Qc3 Bd7 25. Qc5 Qxc5 26. dxc5 Rf8 27. Nbd4 Rb8 28. Rxb8 Nxb8 29. Nc3 Bc6 30. Bf1 Kf7 31. Be2 Ke7 32. f4 exf3 33. Bxf3 Kd7 34. Kf2 Na6 35. Nb3 Nc7 36. Nd4 Na6 37. Nb3 Nc7 38. Nd4 1/2-1/2